000 004010000a22001570004500
001 002156
003 MACL
040 _aMACL
090 _c14149
_d14148
100 _aCleveland, Ceil
245 _a1500 words in 15 Minutes a Day
_bA year Long Plan to Learn 28 words a week
_cCeil Cleveland
260 _aTata McGraw-Hill,
_c2005
650 _aSocial Science
942 _k370
_cBook
951 _o370 Book
999 _c14071
_d14071